| 000 | 00705nam a22001337a 4500 | ||
|---|---|---|---|
| 040 | _cRUA | ||
| 082 | _aVEM SAK 2024 B1.330 Or.1 | ||
| 100 | _aSAK CHANNA, សាក់ ចាន់ណា | ||
| 245 | _aGastro- Intestinal parasites in chicken at chhok chherneang commune, angksnoul ditrict, kandal province, បរាសិតក្នុងប្រដាប់រំលាយអាហារមាន់នៅ ឃុំឆក់ឈើនាង ស្រុកអង្គស្នួល ខេត្តកណ្ដាល | ||
| 260 |
_aPHNOM PENH _bRUA _c2024 |
||
| 300 |
_axi, _bill, _c209cm, |
||
| 856 | _uhttps://drive.google.com/file/d/1XBGbN_1BISvsgFHKBZITWYvsZk5GGiFI/view?usp=sharing | ||
| 942 | _cVEM | ||
| 999 |
_c24744 _d24744 |
||